LEADER 01096nam a2200217 4500 001 000000353409 003 CaOOAMICUS 005 20230502153427.0 008 230406s1943 it 000 u ita r 040 $aSeMil$bita 100 1 $aCastiglioni, Carlo,$c.$0(OLS)http://semarc/name/9678 245 10$aNel decennale della morte dell?abate Amelli :$bcontributo alla conoscenza della sua vita spirituale /$cMons. Carlo Castiglioni. 264 1$aVenegono Inf. (VA) :$bLa Scuola Cattolica,$c1943. 300 $a17 p. ;$c24 cm 500 $aEstratto da: La Scuola Cattolica, luglio-agosto 1943 600 14$aAmelli, Ambrogio Maria .$0(OLS)http://semarc/subject/16596 850 $aSeMil 852 $aSeMil$W1$xVenegono$y1$m5A IV 1/13$j239351$B244614$CSeMilBibl$Z2$F244614 $81 996 $6245$aNel decennale della morte dell?abate Amelli :$bcontributo alla conoscenza della sua vita spirituale$9(OLS)http://semarc/title/443431 996 $6264$aVenegono Inf. (VA) :$bLa Scuola Cattolica$9(OLS)http://semarc/publisher/32407 LEADER 01049nam a2200241 i 4500 001 000000187179 003 CaOOAMICUS 005 20100311000000.0 008 100311s1955 it u000 u fre u 013 $a165240 040 $aSeMil$bita 100 1 $aDesqueyrat, Andre.$0(OLS)http://semarc/name/67306 245 13$aLa crise religieuse des temps nouveaux /$cpar le R.P. A. Desqueyrat. 260 $aParis :$bSpes,$c1955. 300 $a348 p. ;$c21 cm. 490 0 $aBibliothèque de la Recherche sociale 500 $aIn testa al front : Institut Catholique de Paris. Institut d'Études Sociales. Action Populaire. 650 4$aCattolicesimo - Francia - Sec. 20.$0(OLS)http://semarc/subject/3995 830 0$aBibliothèque de la Recherche sociale.$0(OLS)http://semarc/title/27670 850 $aSeMil 852 $aSeMil$W1$xVenegono$y1$m3F II 27$j137866$B137866$CSeMilBibl$Z2$F149343 $81 996 $6245$aLa crise religieuse des temps nouveaux$9(OLS)http://semarc/title/269250 996 $6260$aParis :$bSpes$9(OLS)http://semarc/publisher/30154